Normal view
MARC view
- DeWolf, John T
Entry Personal Name
001 - CONTROL NUMBER
- control field: 36218
003 - CONTROL NUMBER IDENTIFIER
- control field: NUST
005 - DATE AND TIME OF LATEST TRANSACTION
- control field: 20210312155945.0
008 - FIXED-LENGTH DATA ELEMENTS
- fixed length control field: 210312|| aca||aabn | a|a d
040 ## - CATALOGING SOURCE
- Original cataloging agency: NUST
- Transcribing agency: NUST
100 ## - HEADING--PERSONAL NAME
- Personal name: DeWolf, John T
670 ## - SOURCE DATA FOUND
- Source citation: Work cat.: (NUST)31613: Beer, Ferdinand P. (Ferdinand Pierre), 1915-2003. 36216, Mechanics of materials /, c2006.
